[Event "British Chess Championships 2023: U10 Championship"]
[Site "De Montfort University, 20 Western Boulevard, Leicester, LE2 7BU"]
[Date "2023.07.28"]
[Round "6"]
[Board "22"]
[White "Calvert, William"]
[Black "Mittal, Rutva"]
[Result "0-1"]
[WhiteElo "806"]
[BlackElo "623"]
[PlyCount "0"]
[EventDate "2023.07.25"]
[EventRounds "7"]
[EventCountry "ENG"]

1. e4 c5 2. Bc4 g6 3. Nf3 Nc6 4. Nc3 Bg7 5. Ng5 e6 6. O-O Qxg5 7. d4 Qd8 8. d5 Ne5
9. Bb3 Nf6 10. Bf4 d6 11. dxe6 Bxe6 12. Nd5 Bxd5 13. exd5 O-O 14. Bg5 h6 15. Bh4
a5 16. Ba4 Rc8 17. Re1 Nc4 18. Rb1 Re8 19. Rxe8+ Qxe8 20. Bxe8 Rxe8 21. Bxf6 Bxf6
22. Qg4 Nd2 23. Rd1 Ne4 24. Re1 h5 25. Qf4 Bg5 26. Qf3 f5 27. Qb3 Bd2 28. Re2 Kf7
29. Qxb7+ Kf8 30. f3 Re7 31. Qb8+ Re8 32. Qb7 Re7 33. Qc6 Nf6 34. Rxd2 g5 35. Qxd6
Kf7 36. Kf2 g4 37. fxg4 Ne4+ 38. Ke1 Nxd6+ 39. Kd1 Nc4 40. Rf2 Nxb2+ 41. Kd2 hxg4
42. Rxf5+ Kg6 43. Rf4 Kg5 44. Rf2 Nc4+ 45. Kc3 Nd6 46. Kb3 Rb7+ 47. Ka4 Rf7 48. Re2
Rf4+ 49. Kxa5 Nc4+ 50. Kb5 g3 51. hxg3 Rg4 52. Kxc5 Na5 53. d6 Nb7+ 54. Kc6 Nd8+
55. Kc7 Nf7 56. Re7 Rc4+ 57. Kd7 Kf6 58. g4 Rxg4 59. Re6+ Kg7 60. Ke7 Ra4 61. Rf6
Ra7+ 62. Ke8 Kxf6 63. d7 Ra8+ 64. d8=Q+ Rxd8#  0-1

[Event "British Chess Championships 2023: U10 Championship"]
[Site "De Montfort University, 20 Western Boulevard, Leicester, LE2 7BU"]
[Date "2023.07.28"]
[Round "6"]
[Board "23"]
[White "Mehta, Zara"]
[Black "Sarwar, Adam"]
[Result "0-1"]
[WhiteElo "990"]
[BlackElo "854"]
[PlyCount "0"]
[EventDate "2023.07.25"]
[EventRounds "7"]
[EventCountry "ENG"]

1. d4 d5 2. Bf4 Nf6 3. e3 Bf5 4. Nf3 e6 5. c3 Be7 6. Nbd2 O-O 7. Be2 c5 8. O-O Nc6
9. Qb3 Qd7 10. Bb5 a6 11. Ne5 Qc8 12. Bxc6 bxc6 13. dxc5 Rb8 14. Qa3 Rb5 15. b4 Qa8
16. c4 dxc4 17. Ndxc4 Bd8 18. Rfd1 a5 19. bxa5 Bxa5 20. Nxa5 Rxa5 21. Qb2 Rxc5 22.
Nd7 Nxd7 23. Rxd7 e5 24. Bxe5 Bxd7 25. Bxg7 Rc8 26. Qf6 Qxa2 27. h3 Rf5 28. Qd4 Qd5
29. Qg4 Rg5 30. Qxg5 Qxg5 31. Bb2 Bxh3 32. g3 Qd5  0-1

[Event "British Chess Championships 2023: U10 Championship"]
[Site "De Montfort University, 20 Western Boulevard, Leicester, LE2 7BU"]
[Date "2023.07.29"]
[Round "7"]
[Board "1"]
[White "Zhang, Junyi"]
[Black "Zhao, George"]
[Result "1/2-1/2"]
[WhiteElo "1686"]
[BlackElo "1907"]
[PlyCount "0"]
[EventDate "2023.07.25"]
[EventRounds "7"]
[EventCountry "ENG"]

1. e4 e6 2. d4 d5 3. Nd2 dxe4 4. Nxe4 Nd7 5. Nf3 Ngf6 6. Nxf6+ Nxf6 7. Bd3 c5 8.
dxc5 Bxc5 9. O-O O-O 10. Qe2 Qc7 11. Bd2 Bd7 12. Bc3 Be7 13. Be5 Qa5 14. Bc3 Qc7
15. Rfd1 h6 16. Rd2 Nd5 17. Be5 Bd6 18. c4 Nf4 19. Bh7+ Kxh7 20. Qe4+ f5 21. Qxf4
Bxe5 22. Qxe5 Qxe5 23. Nxe5 Be8 24. Rd6 Rf6 25. Re1 b6 26. f4 Rc8 27. b3 Rc7 28.
Nf3 Rc6 29. Rd8 Bh5 30. Nd4 Rc7 31. Nxe6 Rcf7 32. Nd4 Rb7 33. Re5 Bg6 34. Rdd5 Bf7
35. Rd8 Bg6 36. Red5 Re7 37. R8d7 Rxd7 38. Rxd7 a5 39. Nf3 Re6 40. Ne5 Be8 41. Rd4
Kg8 42. Kf2 Kf8 43. Ke2 a4 44. Kd3 axb3 45. axb3 Ke7 46. Rd5 g5 47. fxg5 hxg5 48.
Nf3 Rh6 49. Nd4 Rxh2 50. Nxf5+ Kf6 51. Ne3 Ke6 52. Rxg5 Kd6 53. Rg8 Bf7 54. Rg7 Be6
55. Kd4 Rh4+ 56. g4 Rh2 57. Nf5+ Bxf5 58. gxf5 Rh4+ 59. Kc3 Rf4 60. Rg6+ Kc7 61.
f6 Kd8 62. Rg8+ Kd7 63. Rf8 Rf3+ 64. Kb4 Kc7 65. f7 Kb7 66. c5 Rf4+ 67. Kb5 bxc5
68. Kxc5 Rf5+ 69. Kd6 Rf1 70. Ke6 Re1+ 71. Kf5 Rf1+ 72. Ke4 Re1+ 73. Kd4 Rd1+ 74.
Ke3 Rf1 75. b4 Rf5 76. Ke4 Rf1 77. Ke3 Rf5 78. Ke4 Rf1 79. Ke5 Rf2 80. Kd6 Rd2+ 81.
Kc5 Rc2+ 82. Kb5 Rf2  1/2-1/2

[Event "British Chess Championships 2023: U10 Championship"]
[Site "De Montfort University, 20 Western Boulevard, Leicester, LE2 7BU"]
[Date "2023.07.29"]
[Round "7"]
[Board "2"]
[White "Sasikumar, Srivathsan"]
[Black "Shankar, Yashwardhan"]
[Result "0-1"]
[WhiteElo "1792"]
[BlackElo "817"]
[PlyCount "0"]
[EventDate "2023.07.25"]
[EventRounds "7"]
[EventCountry "ENG"]

1. e4 c5 2. Nf3 d6 3. d4 cxd4 4. Nxd4 Nf6 5. Nc3 g6 6. Be3 Bg7 7. f3 Nc6 8. Qd2 O-O
9. Bc4 Bd7 10. O-O-O Rc8 11. Kb1 Nxd4 12. Qxd4 Ng4 13. Qxa7 Nxe3 14. Qxe3 Rxc4 15.
Nd5 e6 16. Nb6 Rb4 17. Rxd6 Rxb2+ 18. Kc1 Qc7 19. Qd2 Bh6 20. Kxb2 Bxd2 21. Rxd2
Qxb6+ 22. Ka1 Ra8 23. Rhd1 Qa5 24. c4 Qc3+ 25. Kb1 Ba4 26. Rd8+ Rxd8 27. Rxd8+ Kg7
28. a3 Bc2+ 29. Kc1 Bd3+ 30. Kd1 Qc2+ 31. Ke1 Qe2#  0-1

[Event "British Chess Championships 2023: U10 Championship"]
[Site "De Montfort University, 20 Western Boulevard, Leicester, LE2 7BU"]
[Date "2023.07.29"]
[Round "7"]
[Board "3"]
[White "Kryshtafor, Maksym"]
[Black "Veselow, Zoe"]
[Result "1-0"]
[WhiteElo "1858"]
[BlackElo "1720"]
[PlyCount "0"]
[EventDate "2023.07.25"]
[EventRounds "7"]
[EventCountry "ENG"]

1. e4 c5 2. Nf3 a6 3. c3 Nf6 4. Bd3 d6 5. O-O Nbd7 6. Bc2 e6 7. d4 cxd4 8. cxd4 Qc7
9. Nc3 Be7 10. Re1 Nb6 11. Bg5 h6 12. Bh4 Bd7 13. e5 Nfd5 14. Bxe7 Kxe7 15. Ne4 dxe5
16. Nxe5 Bc6 17. Qf3 Nf6 18. Qa3+ Kd8 19. Nd6 Be8 20. Bb3 Qe7 21. Nxb7+ Qxb7 22.
Qd6+ Bd7 23. Nxf7+ Ke8 24. Nxh8 Nbd5 25. Ng6 Kf7 26. Ne5+ Kg8 27. Nxd7 Qxd7 28. Qxd7
Nxd7 29. Rxe6 N7f6 30. Rxf6  1-0

[Event "British Chess Championships 2023: U10 Championship"]
[Site "De Montfort University, 20 Western Boulevard, Leicester, LE2 7BU"]
[Date "2023.07.29"]
[Round "7"]
[Board "4"]
[White "Shivakumar, Akshath"]
[Black "Zhang, Lionel"]
[Result "1-0"]
[WhiteElo "1664"]
[BlackElo "1475"]
[PlyCount "0"]
[EventDate "2023.07.25"]
[EventRounds "7"]
[EventCountry "ENG"]

1. d4 Nf6 2. c4 e6 3. g3 c5 4. e3 Be7 5. Bg2 Qc7 6. Nc3 O-O 7. Nf3 Na6 8. O-O d6
9. b3 Bd7 10. Bb2 Rac8 11. Qd2 Rfe8 12. Rfd1 b6 13. d5 e5 14. Nxe5 dxe5 15. d6 Bxd6
16. Qxd6 Qxd6 17. Rxd6 Nb8 18. Nd5 Nxd5 19. Bxd5 Rcd8 20. Rd1 Kf8 21. Bg2 f6 22.
a3 Ke7 23. R1d2 Be6 24. Rxd8 Rxd8 25. Bd5 Nc6 26. Bc3 Rd6 27. b4 cxb4 28. axb4 b5
29. e4 Bxd5 30. exd5 Nb8 31. c5 Rd8 32. c6 Kd6 33. Ra2 a6 34. Rd2 Kc7 35. Kg2 Re8
36. Kf3 g6 37. h4 Rd8 38. g4 Re8 39. h5 gxh5 40. gxh5 Rg8 41. Ke4 Rg5 42. f4 exf4
43. Bxf6 Rg8 44. Be5+ Kc8 45. Bxf4 Re8+ 46. Kd4 Rd8 47. c7 Nc6+ 48. Kc5 Rf8 49. dxc6
Rxf4 50. Kb6 Rf8 51. Rd8+ Rxd8 52. cxd8=Q+ Kxd8 53. Kb7  1-0

[Event "British Chess Championships 2023: U10 Championship"]
[Site "De Montfort University, 20 Western Boulevard, Leicester, LE2 7BU"]
[Date "2023.07.29"]
[Round "7"]
[Board "5"]
[White "Nguyen, Lam Vy Le"]
[Black "Keshari, Krish"]
[Result "1-0"]
[WhiteElo "1244"]
[BlackElo "1623"]
[PlyCount "0"]
[EventDate "2023.07.25"]
[EventRounds "7"]
[EventCountry "ENG"]

1. e4 e5 2. Nf3 Nc6 3. Bc4 Bc5 4. d3 d6 5. h3 Be6 6. Bb3 Nf6 7. Nc3 Qd7 8. Be3 Bb6
9. Qd2 h6 10. d4 exd4 11. Nxd4 Nxd4 12. Bxd4 Bxd4 13. Qxd4 O-O 14. O-O Rfe8 15. Rad1
Qc6 16. Ba4 Qb6 17. Qxb6 axb6 18. Bxe8 Rxe8 19. Rfe1 Bd7 20. Nd5 Nxd5 21. exd5 Rxe1+
22. Rxe1 Kf8 23. Kh2 Bf5 24. c3 Bd3 25. b3 Bf5 26. g4 Bd7 27. Kg3 f6 28. f4 Be8 29.
c4 Bg6 30. g5 hxg5 31. fxg5 f5 32. Kf4 Be8 33. Kxf5 Bd7+ 34. Kf4 Bxh3 35. Rh1 Bd7
36. Rh8+ Ke7 37. Rg8 Kf7 38. Rb8 Ke7 39. Rxb7 Kd8 40. Rb8+ Ke7 41. Ke4 g6 42. Kd4
Bf5 43. b4 Kd7 44. c5 bxc5+ 45. bxc5 dxc5+ 46. Kxc5 Bc2 47. Rb4 Kc8 48. d6 cxd6+
49. Kxd6 Bd3 50. a4 Be2 51. a5 Bf1 52. Ke6 Bd3 53. Kf7 Kc7 54. Rb6  1-0

[Event "British Chess Championships 2023: U10 Championship"]
[Site "De Montfort University, 20 Western Boulevard, Leicester, LE2 7BU"]
[Date "2023.07.29"]
[Round "7"]
[Board "6"]
[White "Katukuri, Aarav"]
[Black "Mittal, Advik"]
[Result "0-1"]
[WhiteElo "1485"]
[BlackElo "1544"]
[PlyCount "0"]
[EventDate "2023.07.25"]
[EventRounds "7"]
[EventCountry "ENG"]

1. d4 Nf6 2. Bf4 c6 3. c3 d5 4. e3 Bf5 5. Nf3 e6 6. Bd3 Bg6 7. O-O Bd6 8. Ne5 Qc7
9. h3 Nbd7 10. Nxd7 Qxd7 11. Bxd6 Qxd6 12. Qc2 O-O 13. Nd2 e5 14. dxe5 Qxe5 15. Nf3
Qe7 16. Rfe1 Ne4 17. Nd2 f5 18. Nxe4 fxe4 19. Be2 Qh4 20. Bf1 Rf7 21. g3 Qf6 22.
Bg2 Bh5 23. Rf1 Bf3 24. Rae1 Raf8 25. Qd2 Bxg2 26. Kxg2 Qf3+ 27. Kg1 Rf6 28. Qe2
Qf5 29. Kg2 Rh6 30. Rh1 Qg6 31. Rh2 Rf3 32. Rf1 Qg5 33. Rfh1 Rg6 34. b3 Qxg3+ 35.
Kf1 Qe5 36. Qd2 Rgf6 37. Rg2 Qh5 38. Rgh2 Qh6 39. Ke1 Qh4 40. Qe2 Rh6 41. Kd2 Rhf6
42. Ke1 Qh5 43. a3 Qe5 44. Qd2 Qd6 45. Qb2 c5 46. Qd2 R6f5 47. Rg2 Qa6 48. Qb2 Qd3
49. c4 d4 50. Rhg1 g6 51. h4 Kf7 52. exd4 Qxd4 53. Qxd4 cxd4 54. Rf1 Rxb3  0-1

[Event "British Chess Championships 2023: U10 Championship"]
[Site "De Montfort University, 20 Western Boulevard, Leicester, LE2 7BU"]
[Date "2023.07.29"]
[Round "7"]
[Board "7"]
[White "Saharkar, Sharvari"]
[Black "Anjulan, Ashwin"]
[Result "0-1"]
[WhiteElo "1420"]
[BlackElo "1466"]
[PlyCount "0"]
[EventDate "2023.07.25"]
[EventRounds "7"]
[EventCountry "ENG"]

1. e4 e6 2. d3 d5 3. Nd2 c5 4. Ngf3 Nc6 5. g3 Bd6 6. Bg2 Nge7 7. O-O O-O 8. Re1 Ng6
9. c3 d4 10. Nc4 e5 11. Bd2 f5 12. Ng5 h6 13. Nxd6 Qxd6 14. Qb3+ Kh8 15. Nf7+ Rxf7
16. Qxf7 Bd7 17. Qd5 Qe7 18. exf5 Bxf5 19. Qf3 Rf8 20. Qe2 Qf6 21. Rf1 Rd8 22. Be4
Nge7 23. f4 Qe6 24. Qf3 Rf8 25. Rae1 Bg4 26. Qf2 Qd7 27. cxd4 cxd4 28. Rc1 Bh3 29.
Bg2 Be6 30. Qe1 Nd5 31. fxe5 Re8 32. Be4 Bg4 33. Qf2 Be6 34. Qf3 Nxe5 35. Qh5 Bf7
36. Qh4 Ne3 37. Bxe3 dxe3 38. Rce1 Qd4 39. Kg2 Nxd3 40. Bxd3 Bd5+ 41. Kg1 Qxd3 42.
Qh5 Qe4 43. Rf3 Qxf3 44. Qxf3 Bxf3 45. Kf1 Bc6 46. Ke2 Bb5+ 47. Kf3 e2 48. Kf2 Kh7
49. h4 Kg6 50. a3 Kf5 51. b4 Re4 52. Rc1 Kg4 53. Rb1 e1=Q+ 54. Rxe1 Rxe1 55. Kxe1
Kxg3 56. Kd2 Kxh4 57. Ke3 g5 58. Kf3 Kh3 59. Kf2 Kh2  0-1

[Event "British Chess Championships 2023: U10 Championship"]
[Site "De Montfort University, 20 Western Boulevard, Leicester, LE2 7BU"]
[Date "2023.07.29"]
[Round "7"]
[Board "8"]
[White "Sriram, Gautam"]
[Black "Pitel, Benedikt"]
[Result "0-1"]
[WhiteElo "1305"]
[BlackElo "1817"]
[PlyCount "0"]
[EventDate "2023.07.25"]
[EventRounds "7"]
[EventCountry "ENG"]

1. e4 c6 2. d4 d5 3. exd5 cxd5 4. Bd3 Nc6 5. c3 Nf6 6. Bf4 Bg4 7. Qb3 Qd7 8. Nd2
e6 9. Ngf3 Be7 10. O-O O-O 11. h3 Bh5 12. Rfe1 Rfc8 13. Ne5 Nxe5 14. Bxe5 a6 15.
a4 Qc6 16. Rac1 Nd7 17. Bf4 Bd6 18. Bxd6 Qxd6 19. c4 dxc4 20. Rxc4 Rxc4 21. Qxc4
Nb6 22. Qc5 Qxc5 23. dxc5 Nxa4 24. b4 Rd8 25. Re3 Nb2 26. Be2 Bxe2 27. Rxe2 Nd3 28.
Re4 Nxf2 29. Kxf2 Rxd2+ 30. Kf3 Kf8 31. Re2 Rxe2 32. Kxe2 Ke7 33. Ke3 Kd7 34. Kd4
Kc6 35. Kc4 e5 36. g4 g6 37. g5 e4 38. Kd4 Kb5 39. Kxe4 Kxb4 40. Ke5 a5 41. Kf6 a4
42. Kxf7 a3 43. Kg7 a2 44. Kxh7 a1=Q 45. Kxg6 Qb1+ 46. Kh6 Qh1 47. g6 Qxh3+ 48. Kg7
Kxc5 49. Kf7 Qf5+ 50. Ke7 Qxg6 51. Kd8 Qf7 52. Kc8 b5 53. Kb8 Kc6 54. Ka8 Qb7#  0-1

[Event "British Chess Championships 2023: U10 Championship"]
[Site "De Montfort University, 20 Western Boulevard, Leicester, LE2 7BU"]
[Date "2023.07.29"]
[Round "7"]
[Board "9"]
[White "Pugaciauskas, Dominic"]
[Black "Railwani, Tavish"]
[Result "0-1"]
[WhiteElo "1077"]
[BlackElo "1636"]
[PlyCount "0"]
[EventDate "2023.07.25"]
[EventRounds "7"]
[EventCountry "ENG"]

1. e4 e6 2. b3 c5 3. Bb2 d5 4. exd5 exd5 5. Nf3 Nf6 6. d4 Bg4 7. Nbd2 Nc6 8. Bb5
a6 9. Bxc6+ bxc6 10. Qe2+ Be7 11. dxc5 O-O 12. h3 Bh5 13. Qe3 Re8 14. O-O-O Qa5 15.
Kb1 Bxc5 16. Qc3 Qxc3 17. Bxc3 Bxf2 18. Rhf1 Bb6 19. g4 Bg6 20. Nh4 Ne4 21. Nxe4
Bxe4 22. Nf5 Bxf5 23. Rxf5 Re3 24. Rd3 Rae8 25. h4 d4 26. Bd2 Rxd3 27. cxd3 g6 28.
Rf4 Re2 29. Kc1 Kg7 30. g5 Re6 31. Re4 Rxe4 32. dxe4 f6 33. Kc2 Kf7 34. Bf4 Ke6 35.
Kd3 f5 36. b4 c5 37. Kc4 cxb4 38. Kxb4 fxe4 39. Kc4 Kf5 40. Bc1 Kg4 41. Kd5 e3 42.
Ke4 Ba5 43. Kd3 Kf3 44. Kc2 e2 45. Bd2 Bxd2 46. Kxd2 d3 47. a4 Kf2 48. Kc3 Ke3 49.
Kb4 e1=Q+ 50. Ka3 d2 51. h5 d1=Q 52. h6 Qc3+ 53. Ka2 Qdc2#  0-1

[Event "British Chess Championships 2023: U10 Championship"]
[Site "De Montfort University, 20 Western Boulevard, Leicester, LE2 7BU"]
[Date "2023.07.29"]
[Round "7"]
[Board "10"]
[White "Ba, Amy"]
[Black "Hill, Callum"]
[Result "1-0"]
[WhiteElo "1403"]
[BlackElo "1150"]
[PlyCount "0"]
[EventDate "2023.07.25"]
[EventRounds "7"]
[EventCountry "ENG"]

1. e4 e5 2. Nf3 Nc6 3. d4 exd4 4. Nxd4 Qf6 5. Be3 Bc5 6. c3 Nge7 7. Bc4 Ne5 8. Be2
d6 9. O-O O-O 10. Nd2 Bd7 11. N2b3 Bb6 12. a4 a5 13. Qd2 Bg4 14. Bg5 Qg6 15. Bxe7
Rfe8 16. Bh4 Bd7 17. Bg3 f6 18. Kh1 Rf8 19. f3 Qf7 20. Nc1 Rae8 21. b3 Kh8 22. Bxe5
fxe5 23. Bc4 Qf6 24. Nde2 Qg6 25. Ng3 Rf4 26. Nf5 Rxf5 27. exf5 Qxf5 28. Ne2 Qh5
29. Ng3 Qh4 30. f4 e4 31. Qd5 Bc6 32. Qh5 Qf6 33. Qf7 Qxc3 34. Bd5 e3 35. Bxc6 Qxc6
36. Nf5 Rg8 37. Ne7 Qe8 38. Qxg8+ Qxg8 39. Nxg8 Kxg8 40. g3 d5 41. Rae1 d4 42. Rf3
Kf7 43. Kg2 Ke6 44. Kf1 Kf5 45. Rd1 Ke4 46. Ke2 g6 47. g4 c5 48. f5 Bc7 49. f6 Bd6
50. f7 Bf8 51. Rd3 b6 52. Rdxe3+ dxe3 53. Rxe3+ Kd4 54. Re8 Bg7 55. f8=Q Bxf8 56.
Rxf8 Kc3 57. Rf3+ Kb4 58. Kf2 c4 59. bxc4 Kxa4 60. Rf6 Kb4 61. Rxb6+ Kxc4 62. Ra6
Kb5 63. Ra8 a4 64. Kf3 g5 65. Ke4 h6 66. Kf5 a3 67. Rxa3 Kc6 68. Rd3 Kc5 69. Kg6
h5 70. gxh5 Kc4 71. Rd8 g4 72. h6 g3 73. hxg3 Kc5 74. h7 Kc6 75. h8=Q Kc7 76. Qd4
Kc6 77. Rc8+ Kb7 78. Qd7+ Kb6 79. Rc6+ Kb5 80. Qd5+ Kb4 81. Rc4+ Kb3 82. Qd3+ Kb2
83. Rc2+ Ka1 84. Qd1#  1-0

[Event "British Chess Championships 2023: U10 Championship"]
[Site "De Montfort University, 20 Western Boulevard, Leicester, LE2 7BU"]
[Date "2023.07.29"]
[Round "7"]
[Board "11"]
[White "Helsby, Matthew"]
[Black "Parikh, Aadhya"]
[Result "1-0"]
[WhiteElo "1316"]
[BlackElo "794"]
[PlyCount "0"]
[EventDate "2023.07.25"]
[EventRounds "7"]
[EventCountry "ENG"]

1. e4 e5 2. Nf3 Nc6 3. d4 exd4 4. Nxd4 Bc5 5. Nb3 Be7 6. Be3 Nf6 7. Nc3 O-O 8. Qd2
d6 9. O-O-O Be6 10. f3 Nd7 11. Kb1 Bf6 12. g4 h6 13. Be2 Nce5 14. f4 Nxg4 15. Bxg4
Bxg4 16. Rde1 Be6 17. f5 Bxb3 18. axb3 Ne5 19. Qg2 Bg5 20. Rhg1 f6 21. h4 Rf7 22.
hxg5 fxg5 23. Rd1 Qd7 24. Bd4 Re8 25. Qg3 Qe7 26. Nd5 Qd7 27. Bxe5 dxe5 28. Nf6+
Rxf6 29. Rxd7 Rc8 30. Qxe5 Rcf8 31. Qe7 R6f7 32. Qe6 c6 33. Rf1 b5 34. f6 a5 35.
fxg7 Kxg7 36. Rfxf7+ Rxf7 37. Qxf7+ Kh8 38. Rd8#  1-0

[Event "British Chess Championships 2023: U10 Championship"]
[Site "De Montfort University, 20 Western Boulevard, Leicester, LE2 7BU"]
[Date "2023.07.29"]
[Round "7"]
[Board "12"]
[White "Qin, Charlie"]
[Black "Rao, Saachi"]
[Result "0-1"]
[WhiteElo "909"]
[BlackElo "870"]
[PlyCount "0"]
[EventDate "2023.07.25"]
[EventRounds "7"]
[EventCountry "ENG"]

1. e4 c5 2. Nf3 d6 3. d4 cxd4 4. Nxd4 Nc6 5. Bb5 Bd7 6. Nxc6 Bxc6 7. Bd3 Nf6 8. Nc3
g6 9. Be3 Bg7 10. Qd2 Ng4 11. f4 Nf6 12. h3 d5 13. e5 Nd7 14. g4 d4 15. Be4 dxc3
16. Qd3 Bxe4 17. Qxe4 cxb2 18. Rb1 Qa5+ 19. Kf2 Nc5 20. Bxc5 Qxc5+ 21. Kg3 O-O 22.
Rxb2 Qc3+ 23. Qe3 Qxe3+  0-1

[Event "British Chess Championships 2023: U10 Championship"]
[Site "De Montfort University, 20 Western Boulevard, Leicester, LE2 7BU"]
[Date "2023.07.29"]
[Round "7"]
[Board "13"]
[White "Hu, Hector"]
[Black "Sewart, Daniel"]
[Result "0-1"]
[WhiteElo "1016"]
[BlackElo "1374"]
[PlyCount "0"]
[EventDate "2023.07.25"]
[EventRounds "7"]
[EventCountry "ENG"]

1. d4 Nf6 2. Bf4 c5 3. d5 b5 4. a3 d6 5. Nc3 a6 6. e4 g6 7. Qd2 Bg7 8. Bh6 O-O 9.
h3 Qa5 10. Bxg7 Kxg7 11. Qd1 Nxe4 12. Qd3 Nxc3 13. bxc3 Nd7 14. f4 Bb7 15. Nf3 Nf6
16. Nd2 Nxd5 17. c4 Nxf4 18. Qg3 Ne6 19. Rb1 Nd4 20. Qd3 f5 21. c3 Be4 22. Nxe4 fxe4
23. Qd2 e3 24. Qb2 Rf2 25. Qc1 Nc2+ 26. Kd1 Qxc3 27. Be2 Qd4+ 28. Kxc2 Rxe2+ 29.
Kb3 a5 30. a4 bxa4+ 31. Kxa4 d5 32. Kb5 Rb8+ 33. Kxa5 Ra2+  0-1

[Event "British Chess Championships 2023: U10 Championship"]
[Site "De Montfort University, 20 Western Boulevard, Leicester, LE2 7BU"]
[Date "2023.07.29"]
[Round "7"]
[Board "14"]
[White "Bednaya, Julia"]
[Black "Horwood, Alexander"]
[Result "0-1"]
[WhiteElo "1008"]
[BlackElo "1442"]
[PlyCount "0"]
[EventDate "2023.07.25"]
[EventRounds "7"]
[EventCountry "ENG"]

1. e4 c5 2. Nf3 d6 3. Bb5+ Bd7 4. Bxd7+ Qxd7 5. O-O Nf6 6. Re1 Nc6 7. c3 e6 8. h3
Be7 9. d4 cxd4 10. cxd4 O-O 11. Nc3 h6 12. Be3 Rad8 13. Qd2 d5 14. e5 Ne4 15. Qc2
Nxc3 16. bxc3 Na5 17. Nd2 Qc6 18. Rab1 b5 19. Qd1 a6 20. Qg4 Kh7 21. Rbc1 Nc4 22.
Nxc4 Qxc4 23. Qe2 Rc8 24. Qxc4 Rxc4 25. Bd2 Rfc8 26. Rc2 Bg5 27. Bxg5 hxg5 28. Re3
b4 29. Rf3 Rxc3 30. Rfxc3 Rxc3 31. Rb2 a5 32. Rb3 Kg6 33. Kf1 Kf5 34. Rxc3 bxc3 35.
Ke2 Ke4 36. a4 Kxd4 37. Kd1 Kc4 38. Kc2 d4 39. Kc1 d3 40. Kb1 Kb3 41. Kc1 d2+ 42.
Kd1 c2+ 43. Kxd2 Kb2 44. Ke2 c1=Q 45. Kf3 Qc3+ 46. Ke4 f5+ 47. exf6 gxf6 48. h4 f5#
 0-1

[Event "British Chess Championships 2023: U10 Championship"]
[Site "De Montfort University, 20 Western Boulevard, Leicester, LE2 7BU"]
[Date "2023.07.29"]
[Round "7"]
[Board "15"]
[White "Ragam, Aaryan"]
[Black "Pitel, Dominik"]
[Result "0-1"]
[WhiteElo "1041"]
[BlackElo "1413"]
[PlyCount "0"]
[EventDate "2023.07.25"]
[EventRounds "7"]
[EventCountry "ENG"]

1. d4 d5 2. Nf3 Nf6 3. Bf4 Nc6 4. e3 Bf5 5. Bb5 a6 6. Ba4 b5 7. Bb3 e6 8. O-O Be7
9. Nbd2 O-O 10. Ne5 Nxe5 11. dxe5 Nd7 12. Qf3 c5 13. c3 c4 14. Bd1 Qb8 15. Qg3 Bd3
16. Re1 Bd8 17. Bh6 Bg6 18. Bf4 Bc7 19. Nf3 Kh8 20. Rc1 Bh5 21. Nh4 Bxd1 22. Rcxd1
Bxe5 23. Bxe5 Qxe5 24. Qxe5 Nxe5 25. Rd4 g5 26. Nf3 Nxf3+ 27. gxf3 Rad8 28. Rg4 h6
29. Kh1 f5 30. Rg2 Rg8 31. Reg1 Kg7 32. f4 Kf6 33. h4 Rh8 34. h5 Rdg8 35. a3 a5 36.
f3 a4 37. Rd1 gxf4 38. Rg6+ Rxg6 39. hxg6 Kxg6 40. e4 fxe4 41. fxe4 dxe4 42. Rd4
Kf5 43. Rd6 Rg8 44. Rb6 f3 45. Rxb5+ Kf4 46. Rh5 f2 47. Rxh6 f1=Q+ 48. Kh2 Qg2#  0-1

[Event "British Chess Championships 2023: U10 Championship"]
[Site "De Montfort University, 20 Western Boulevard, Leicester, LE2 7BU"]
[Date "2023.07.29"]
[Round "7"]
[Board "16"]
[White "Edwards, Laurence"]
[Black "Saxena, Reyansh"]
[Result "1-0"]
[WhiteElo "1263"]
[BlackElo "1001"]
[PlyCount "0"]
[EventDate "2023.07.25"]
[EventRounds "7"]
[EventCountry "ENG"]

1. d4 Nf6 2. c4 e6 3. Nc3 Bb4 4. Qb3 Bxc3+ 5. Qxc3 b6 6. Bg5 O-O 7. Nf3 Bb7 8. Bxf6
Qxf6 9. e3 Bxf3 10. gxf3 Qxf3 11. Rg1 f6 12. Bg2 Qh5 13. Bxa8 c6 14. Rg2 Qh3 15.
Rg1 Qxh2 16. O-O-O Qxf2 17. Qd2 Qxd2+ 18. Rxd2 Na6 19. Rdg2 g6 20. Bb7 Nc7 21. e4
Rb8 22. Bxc6 dxc6 23. Rd2 Rd8 24. Rgd1 h5 25. d5 cxd5 26. cxd5 exd5 27. exd5 Rc8
28. d6 Nb5+ 29. Rc2 Rd8 30. d7 Kf7 31. Rc8 Ke7 32. Rxd8 Kxd8 33. Rf1 Kxd7 34. Rxf6
Ke7 35. Rxg6 Kd7 36. Rh6 Kc7 37. Rxh5 Kb7 38. Rh7+ Kc6 39. Rh6+ Kb7 40. Rh5 Nc7 41.
Rh7 Kc6 42. Rh6+ Kb7 43. b3 Ka6 44. a4 Ka5 45. Kc2 Ne8 46. Kc3 Ka6 47. Rh5 Nc7 48.
Kc4 Kb7 49. Rh7 Kc8 50. b4 a5 51. bxa5 bxa5 52. Rh5 Kb7 53. Rxa5 Kb6 54. Rh5 Na6
55. a5+ Kb7 56. Rh6 Nb8 57. Kb5 Ka7 58. a6 Ka8 59. Rh7 Nxa6 60. Kxa6 Kb8 61. Kb6
Kc8 62. Kc6 Kd8 63. Kd6 Ke8 64. Ra7 Kf8 65. Ke6 Kg8 66. Kf6 Kh8 67. Kg6 Kg8 68. Ra8#
 1-0

[Event "British Chess Championships 2023: U10 Championship"]
[Site "De Montfort University, 20 Western Boulevard, Leicester, LE2 7BU"]
[Date "2023.07.29"]
[Round "7"]
[Board "17"]
[White "Wen, Max"]
[Black "Bedford, Rudi"]
[Result "0-1"]
[WhiteElo "890"]
[BlackElo "1089"]
[PlyCount "0"]
[EventDate "2023.07.25"]
[EventRounds "7"]
[EventCountry "ENG"]

1. e4 e5 2. Nf3 Nc6 3. Bb5 a6 4. Ba4 Nf6 5. Nc3 d6 6. O-O Be7 7. d4 b5 8. Bb3 Bg4
9. h3 Bxf3 10. Qxf3 Nxd4 11. Qd1 c5 12. Ne2 Nxe2+ 13. Qxe2 c4 14. Bg5 cxb3 15. axb3
O-O 16. Qf3 Rc8 17. c3 Qb6 18. Qg3 Nxe4 19. Qe3 Qxe3 20. Bxe3 Ra8 21. Rfe1 Bg5 22.
Rad1 Rfd8 23. Bxg5 Nxg5 24. c4 f6 25. Rc1 Rab8 26. c5 dxc5 27. Rxc5 Rb6 28. Rec1
Rd2 29. R1c2 Rd1+ 30. Kh2 Rbd6 31. Rc8+ Kf7 32. R2c7+ Kg6 33. h4 Ne6 34. Rc6 Kh5
35. Kh3 Rh1+ 36. Kg3 Rd3+ 37. f3 Nf4 38. Rh8 h6 39. Kf2 Rd2+ 40. Kg3 Rxg2#  0-1

[Event "British Chess Championships 2023: U10 Championship"]
[Site "De Montfort University, 20 Western Boulevard, Leicester, LE2 7BU"]
[Date "2023.07.29"]
[Round "7"]
[Board "18"]
[White "Sarwar, Adam"]
[Black "Gopikrishna, Ashwin"]
[Result "0-1"]
[WhiteElo "854"]
[BlackElo "881"]
[PlyCount "0"]
[EventDate "2023.07.25"]
[EventRounds "7"]
[EventCountry "ENG"]

1. e4 d5 2. exd5 Nf6 3. d4 Nxd5 4. Bc4 e6 5. Bxd5 exd5 6. Nf3 Bd6 7. h3 O-O 8. O-O
Be6 9. Nc3 Nc6 10. Re1 Qf6 11. Bg5 Qg6 12. Qd2 h6 13. Nh4 Qxg5 14. Qxg5 hxg5 15.
Nf3 g4 16. Ng5 gxh3 17. gxh3 Nxd4 18. Rac1 Bf4 19. Rcd1 Bxg5 20. Rxd4 Bf6 21. Rd3
Bxc3 22. Rxc3 c6 23. Rb3 b6 24. h4 d4 25. Rd3 c5  0-1

[Event "British Chess Championships 2023: U10 Championship"]
[Site "De Montfort University, 20 Western Boulevard, Leicester, LE2 7BU"]
[Date "2023.07.29"]
[Round "7"]
[Board "19"]
[White "Babu, Rohan"]
[Black "Marsden, Oscar"]
[Result "1-0"]
[WhiteElo "1087"]
[BlackElo "1307"]
[PlyCount "0"]
[EventDate "2023.07.25"]
[EventRounds "7"]
[EventCountry "ENG"]

1. e4 e5 2. Nc3 Nc6 3. Bc4 Bc5 4. Qg4 Qf6 5. Nd5 Qxf2+ 6. Kd1 Kf8 7. Nh3 Qd4 8. d3
Bb6 9. Rf1 f6 10. c3 Qc5 11. Bg5 Qd6 12. Qh5 Nd8 13. Nf2 Bxf2 14. Rxf2 c6 15. Ne3
Ke7 16. Nf5+ Kf8 17. Nxd6  1-0